| 000 | 00988nam a22003017a 4500 | ||
|---|---|---|---|
| 001 | 9182 | ||
| 003 | FISKH | ||
| 005 | 20251127141842.0 | ||
| 008 | 251127b cb ||||| |||| 00| 0 eng d | ||
| 020 | _a9780448417400 | ||
| 040 |
_aFISKH _beng _cFISKH _dFISKH |
||
| 050 | _aTH9148 .L48 | ||
| 082 | _a628.9 | ||
| 100 |
_aLewison, Wendy Cheyette _eAuthor |
||
| 245 |
_aA trip to the firehouse / _cBy Wendy Cheyette Lewison ; Photographs by Elizabeth Hathon |
||
| 260 |
_aNew York : _bGrosset & Dunlap , _c1998 |
||
| 300 |
_a32 unnumbered pages : _bphotographs ; _c21 cm |
||
| 490 | _aReading Railroad Books | ||
| 505 | _aL | ||
| 520 | _aA group of school children visit a fire station and learn how firefighters do their jobs. | ||
| 521 | 8 |
_a540
_bLexile estimate |
|
| 521 | 8 |
_aL
_bRaz-Plus |
|
| 650 |
_aFirefighters _vCommunity helpers |
||
| 650 |
_aFire prevention _vFire safety |
||
| 700 |
_aHathon, Elizabeth _ePhotographer |
||
| 942 |
_2ddc _cBK _n0 |
||
| 999 |
_c9182 _d9182 |
||